|
|
|
|
| LEADER |
00000cas a2200000 c 4500 |
| 001 |
168760274 |
| 003 |
DE-627 |
| 005 |
20240904094353.0 |
| 007 |
tu |
| 008 |
941102c19629999gw z| m| 0 |0ger c |
| 016 |
7 |
|
|a 014556634
|2 DE-101
|
| 016 |
7 |
|
|a 844403-1
|2 DE-600
|
| 035 |
|
|
|a (DE-627)168760274
|
| 035 |
|
|
|a (DE-576)04663245X
|
| 035 |
|
|
|a (DE-599)ZDB844403-1
|
| 035 |
|
|
|a (OCoLC)637654310
|
| 040 |
|
|
|a DE-627
|b ger
|c DE-627
|e rakwb
|
| 041 |
|
|
|a ger
|a und
|
| 044 |
|
|
|c XA-DE
|
| 082 |
0 |
4 |
|a 050
|q DE-101
|
| 082 |
0 |
4 |
|a 230
|a 050
|q DE-600
|
| 084 |
|
|
|a 1
|2 ssgn
|
| 245 |
0 |
0 |
|a Brunnen-Taschenbuch
|
| 264 |
3 |
1 |
|a Giessen [u.a.]
|b Brunnen-Verl.
|c 1962-
|
| 336 |
|
|
|a Text
|b txt
|2 rdacontent
|
| 337 |
|
|
|a ohne Hilfsmittel zu benutzen
|b n
|2 rdamedia
|
| 338 |
|
|
|a Band
|b nc
|2 rdacarrier
|
| 362 |
0 |
|
|a 1/2.1962 -
|
| 363 |
0 |
1 |
|a 1/2
|i 1962
|
| 591 |
|
|
|a Y/
|
| 655 |
|
7 |
|a Monografische Reihe
|0 (DE-588)4179998-7
|0 (DE-627)104628669
|0 (DE-576)209995106
|2 gnd-content
|
| 889 |
|
|
|w (DE-627)1876652969
|
| 935 |
|
|
|a mteo
|a FRST
|a RFBW
|
| 935 |
|
|
|i sdedup20221019
|
| 951 |
|
|
|a ST
|
| ELC |
|
|
|b 1
|
| ITA |
|
|
|a 1
|t 1
|
| LOK |
|
|
|0 000 xxxxxcx a22 zn 4500
|
| LOK |
|
|
|0 001 2260803822
|
| LOK |
|
|
|0 003 DE-627
|
| LOK |
|
|
|0 004 168760274
|
| LOK |
|
|
|0 005 19961010000000
|
| LOK |
|
|
|0 008 961010||||||||||||||||ger|||||||
|
| LOK |
|
|
|0 040
|a DE-21
|c DE-627
|d DE-21
|
| LOK |
|
|
|0 852
|a DE-21
|
| LOK |
|
|
|0 852 1
|9 00
|
| LOK |
|
|
|0 939
|a 10-10-96
|b l01
|
| LOK |
|
|
|0 000 xxxxxcx a22 zn 4500
|
| LOK |
|
|
|0 001 2260803830
|
| LOK |
|
|
|0 003 DE-627
|
| LOK |
|
|
|0 004 168760274
|
| LOK |
|
|
|0 005 19960201000000
|
| LOK |
|
|
|0 008 960201||||||||||||||||ger|||||||
|
| LOK |
|
|
|0 040
|a DE-21-31
|c DE-627
|d DE-21-31
|
| LOK |
|
|
|0 852
|a DE-21-31
|
| LOK |
|
|
|0 852 1
|c Einzelsignatur
|m p
|9 00
|
| LOK |
|
|
|0 938
|k p
|
| LOK |
|
|
|0 939
|a 01-02-96
|b l01
|
| LOK |
|
|
|0 000 xxxxxcx a22 zn 4500
|
| LOK |
|
|
|0 001 2260803849
|
| LOK |
|
|
|0 003 DE-627
|
| LOK |
|
|
|0 004 168760274
|
| LOK |
|
|
|0 005 19960917000000
|
| LOK |
|
|
|0 008 960917||||||||||||||||ger|||||||
|
| LOK |
|
|
|0 040
|a DE-21-35
|c DE-627
|d DE-21-35
|
| LOK |
|
|
|0 852
|a DE-21-35
|
| LOK |
|
|
|0 852 1
|c Einzelsignatur
|m p
|9 00
|
| LOK |
|
|
|0 938
|k p
|
| LOK |
|
|
|0 939
|a 17-09-96
|b l01
|
| LOK |
|
|
|0 000 xxxxxcx a22 zn 4500
|
| LOK |
|
|
|0 001 4275023404
|
| LOK |
|
|
|0 003 DE-627
|
| LOK |
|
|
|0 004 168760274
|
| LOK |
|
|
|0 005 20240914080511
|
| LOK |
|
|
|0 008 230220||||||||||||||||ger|||||||
|
| LOK |
|
|
|0 040
|a DE-Tue135
|c DE-627
|d DE-Tue135
|
| LOK |
|
|
|0 092
|o n
|
| LOK |
|
|
|0 852
|a DE-Tue135
|
| LOK |
|
|
|0 852 1
|9 00
|
| LOK |
|
|
|0 866
|x SPQUE#Bibliothek der Franckeschen Stiftungen
|
| LOK |
|
|
|0 935
|a FRST
|a RFBW
|
| LOK |
|
|
|0 939
|a 20-02-23
|b l01
|
| ORI |
|
|
|a SA-MARC-ixtheoa001.raw
|
| REL |
|
|
|a 1
|c 1
|
| SPR |
|
|
|a 1
|t IXT
|t REL
|